| 000 | 00942nam a2200253Ia 4500 | ||
|---|---|---|---|
| 003 | OSt | ||
| 005 | 20221005113055.0 | ||
| 006 | a|||||r|||| 00| 0 | ||
| 007 | ta | ||
| 008 | 221004b |||||||| |||| 00| 0 pan d | ||
| 020 |
_a8187654090 (hbk) _cINR 790.00 |
||
| 024 | _a35465 | ||
| 037 |
_b1005, 13/11/2017, H.K. Prakashan _cTextual |
||
| 040 |
_aCRL _cCRL _bpan |
||
| 041 |
_2pan _apan |
||
| 082 | _aQ8441xK66, 153Q7 | ||
| 100 | _aਸਾਗੂ, ਹਰਬੰਸ ਕੌਰ, ਥਦ. | ||
| 245 | 0 | _aਗੁਰੂ ਗੋਬਿੰਦ ਸਿੰਘ ਜੀ ਦਾ ਰਚਨਾ ਸੰਸਾਰ | |
| 260 |
_aਦਿੱਲੀ _bਮਨਪ੍ਰੀਤ ਪ੍ਰਕਾFਨ ਭਾਰਤ _c2017 |
||
| 300 |
_a323ਪੰ _ccm. |
||
| 650 |
_aਸਿੱਖ ਧਰਮ _9156314 |
||
| 942 |
_hQ8441xK66, 153Q7 _cTEXL _2cc |
||
| 999 |
_c1026948 _d1026948 |
||